The chi-squared distribution /
Guardado en:
| Autor Principal: | |
|---|---|
| Formato: | Libro |
| Idioma: | English |
| Publicado: |
New York :
Wiley,
c1969.
|
| Series: | Wiley series in probability and mathematical statistics
|
| Materias: | |
| Etiquetas: |
Agregar Etiqueta
Sin Etiquetas, Sea el primero en etiquetar este registro!
|
| LEADER | 00703cam a2200217 a 4500 | ||
|---|---|---|---|
| 001 | MAT.inmabb003092 | ||
| 008 | 691016s1969####nyu######b####001#0#eng## | ||
| 005 | 20130226152711.0 | ||
| 245 | 1 | 4 | |a The chi-squared distribution / |c H. O. Lancaster. |
| 260 | |a New York : |b Wiley, |c c1969. | ||
| 300 | |a xiv, 356 p. ; |c 24 cm. | ||
| 440 | 0 | |a Wiley series in probability and mathematical statistics | |
| 504 | |a Bibliografía: p. [283]-335. | ||
| 510 | 4 | |a MR, |c 40 #6667 | |
| 020 | |a 0471512303 | ||
| 100 | 1 | |a Lancaster, H. O. |q (Henry Oliver), |d 1913- | |
| 650 | 0 | |a Distribution (Probability theory) | |
| 084 | |a 62E? |2 msc2000 | ||
| 010 | |a 74081323 | ||
| 040 | |a DLC |c DLC |d DLC | ||
| 859 | |h 62 |i L244 |p A-4232 |b BIB. MATEMATICA | ||
